Alle WM-Kader der deutschen Fußballnationalmannschaft - Statistiken

Allgemein
  • Dieses Quiz wurde 1.949 mal gespielt
  • Das Durchschnittsergebnis liegt bei 184 aus 443
Antwortstatistiken
WM Position Verein Spieler % Korrekt
2010: Südafrika Tor FC Schalke 04 Manuel Neuer
97%
2014: Brasilien Tor FC Bayern München Manuel Neuer
97%
2018: Russland Tor FC Bayern München Manuel Neuer
97%
2022: Katar Tor FC Bayern München Manuel Neuer
97%
1978: Argentinien Angriff 1. FC Köln Dieter Müller
96%
1970: Mexiko Angriff FC Bayern München Gerd Müller
96%
1974: Deutschland Angriff FC Bayern München Gerd Müller
96%
1978: Argentinien Mittelfeld VfB Stuttgart Hansi Müller
96%
1982: Spanien Mittelfeld VfB Stuttgart Hansi Müller
96%
2010: Südafrika Angriff FC Bayern München Thomas Müller
96%
2014: Brasilien Angriff FC Bayern München Thomas Müller
96%
2018: Russland Mittelfeld und Angriff FC Bayern München Thomas Müller
96%
2022: Katar Mittelfeld und Angriff FC Bayern München Thomas Müller
96%
2018: Russland Tor FC Barcelona Marc-André ter Stegen
92%
2022: Katar Tor FC Barcelona Marc-André ter Stegen
92%
2002: Japan und Südkorea Angriff 1. FC Kaiserslautern Miroslav Klose
91%
2006: Deutschland Angriff SV Werder Bremen Miroslav Klose
91%
2010: Südafrika Angriff FC Bayern München Miroslav Klose
91%
2014: Brasilien Angriff Lazio Rom Miroslav Klose
91%
2014: Brasilien Abwehr Borussia Dortmund Mats Hummels
90%
2018: Russland Abwehr FC Bayern München Mats Hummels
90%
2014: Brasilien Angriff FC Bayern München Mario Götze
89%
2022: Katar Mittelfeld und Angriff Eintracht Frankfurt Mario Götze
89%
1994: USA Tor FC Bayern München Oliver Kahn
89%
1998: Frankreich Tor FC Bayern München Oliver Kahn
89%
2002: Japan und Südkorea Tor FC Bayern München Oliver Kahn
89%
2006: Deutschland Tor FC Bayern München Oliver Kahn
89%
2010: Südafrika Mittelfeld Bayer 04 Leverkusen Toni Kroos
89%
2014: Brasilien Mittelfeld FC Bayern München Toni Kroos
89%
2018: Russland Mittelfeld und Angriff Real Madrid Toni Kroos
89%
2018: Russland Tor Paris Saint-Germain Kevin Trapp
88%
2022: Katar Tor Eintracht Frankfurt Kevin Trapp
88%
2006: Deutschland Mittelfeld FC Bayern München Bastian Schweinsteiger
87%
2010: Südafrika Mittelfeld FC Bayern München Bastian Schweinsteiger
87%
2014: Brasilien Mittelfeld FC Bayern München Bastian Schweinsteiger
87%
2010: Südafrika Abwehr Hamburger SV Jérôme Boateng
87%
2014: Brasilien Abwehr FC Bayern München Jérôme Boateng
87%
2018: Russland Abwehr FC Bayern München Jérôme Boateng
87%
2010: Südafrika Mittelfeld SV Werder Bremen Mesut Özil
87%
2014: Brasilien Mittelfeld FC Arsenal Mesut Özil
87%
2018: Russland Mittelfeld und Angriff FC Arsenal Mesut Özil
87%
2018: Russland Mittelfeld und Angriff Manchester City İlkay Gündoğan
86%
2022: Katar Mittelfeld und Angriff Manchester City İlkay Gündoğan
86%
2022: Katar Mittelfeld und Angriff FC Bayern München Leroy Sané
86%
2006: Deutschland Abwehr FC Bayern München Philipp Lahm
86%
2010: Südafrika Abwehr FC Bayern München Philipp Lahm
86%
2014: Brasilien Mittelfeld FC Bayern München Philipp Lahm
86%
2018: Russland Abwehr FC Chelsea Antonio Rüdiger
85%
2022: Katar Abwehr Real Madrid Antonio Rüdiger
85%
2018: Russland Abwehr FC Bayern München Joshua Kimmich
84%
2022: Katar Mittelfeld und Angriff FC Bayern München Joshua Kimmich
84%
1962: Chile Abwehr Hamburger SV Jürgen Werner
84%
2022: Katar Mittelfeld und Angriff FC Chelsea Kai Havertz
84%
2006: Deutschland Angriff 1. FC Köln Lukas Podolski
84%
2010: Südafrika Angriff 1. FC Köln Lukas Podolski
84%
2014: Brasilien Angriff FC Arsenal Lukas Podolski
84%
2014: Brasilien Abwehr SC Freiburg Matthias Ginter
84%
2018: Russland Abwehr Borussia Mönchengladbach Matthias Ginter
84%
2022: Katar Abwehr SC Freiburg Matthias Ginter
84%
2018: Russland Mittelfeld und Angriff RB Leipzig Timo Werner
84%
2010: Südafrika Mittelfeld VfB Stuttgart Sami Khedira
83%
2014: Brasilien Mittelfeld Real Madrid Sami Khedira
83%
2018: Russland Mittelfeld und Angriff Juventus Turin Sami Khedira
83%
2022: Katar Mittelfeld und Angriff FC Bayern München Serge Gnabry
83%
2014: Brasilien Mittelfeld FC Schalke 04 Julian Draxler
82%
2018: Russland Mittelfeld und Angriff Paris Saint-Germain Julian Draxler
82%
2018: Russland Mittelfeld und Angriff Borussia Dortmund Marco Reus
82%
2014: Brasilien Tor Borussia Dortmund Roman Weidenfeller
82%
2006: Deutschland Abwehr Hannover 96 Per Mertesacker
81%
2010: Südafrika Abwehr SV Werder Bremen Per Mertesacker
81%
2014: Brasilien Abwehr FC Arsenal Per Mertesacker
81%
2022: Katar Mittelfeld und Angriff SV Werder Bremen Niclas Füllkrug
80%
2022: Katar Mittelfeld und Angriff FC Bayern München Jamal Musiala
79%
2018: Russland Mittelfeld und Angriff FC Schalke 04 Leon Goretzka
79%
2022: Katar Mittelfeld und Angriff FC Bayern München Leon Goretzka
79%
2014: Brasilien Abwehr FC Schalke 04 Benedikt Höwedes
78%
2014: Brasilien Tor Hannover 96 Ron-Robert Zieler
78%
2014: Brasilien Angriff FC Chelsea André Schürrle
77%
2010: Südafrika Angriff FC Bayern München Mario Gómez
77%
2018: Russland Mittelfeld und Angriff VfB Stuttgart Mario Gómez
77%
1998: Frankreich Tor FC Schalke 04 Jens Lehmann
76%
2002: Japan und Südkorea Tor Borussia Dortmund Jens Lehmann
76%
2006: Deutschland Tor FC Arsenal Jens Lehmann
76%
1982: Spanien Mittelfeld Borussia Mönchengladbach Lothar Matthäus
76%
1986: Mexiko Mittelfeld FC Bayern München Lothar Matthäus
76%
1990: Italien Mittelfeld Inter Mailand Lothar Matthäus
76%
1994: USA Abwehr FC Bayern München Lothar Matthäus
76%
1998: Frankreich Abwehr FC Bayern München Lothar Matthäus
76%
2018: Russland Abwehr FC Bayern München Niklas Süle
76%
2022: Katar Abwehr Borussia Dortmund Niklas Süle
76%
2014: Brasilien Mittelfeld Borussia Mönchengladbach Christoph Kramer
75%
2022: Katar Abwehr Borussia Dortmund Nico Schlotterbeck
75%
1966: England Angriff Meidericher SV Werner Krämer
75%
2018: Russland Mittelfeld und Angriff Bayer 04 Leverkusen Julian Brandt
74%
2022: Katar Mittelfeld und Angriff Borussia Dortmund Julian Brandt
74%
1966: England Mittelfeld FC Bayern München Franz Beckenbauer
73%
1970: Mexiko Abwehr FC Bayern München Franz Beckenbauer
73%
1974: Deutschland Abwehr FC Bayern München Franz Beckenbauer
73%
2018: Russland Abwehr 1. FC Köln Jonas Hector
73%
2002: Japan und Südkorea Mittelfeld Bayer 04 Leverkusen Michael Ballack
73%
2006: Deutschland Mittelfeld FC Bayern München Michael Ballack
73%
2014: Brasilien Abwehr Sampdoria Genua Shkodran Mustafi
71%
2022: Katar Abwehr SC Freiburg Christian Günter
70%
2022: Katar Abwehr RB Leipzig David Raum
70%
2014: Brasilien Abwehr Borussia Dortmund Kevin Großkreutz
70%
2022: Katar Abwehr RB Leipzig Lukas Klostermann
69%
2022: Katar Abwehr West Ham United Thilo Kehrer
68%
1958: Schweden Abwehr VfB Stuttgart Rudolf Hoffmann
67%
2014: Brasilien Abwehr Borussia Dortmund Erik Durm
66%
2022: Katar Mittelfeld und Angriff Borussia Mönchengladbach Jonas Hofmann
65%
1954: Schweiz Mittelfeld SpVgg Fürth Karl Mai
65%
2010: Südafrika Tor SV Werder Bremen Tim Wiese
65%
1990: Italien Angriff Inter Mailand Jürgen Klinsmann
64%
1994: USA Angriff AS Monaco Jürgen Klinsmann
64%
1998: Frankreich Angriff Tottenham Hotspur Jürgen Klinsmann
64%
1986: Mexiko Angriff SV Werder Bremen Rudi Völler
64%
1990: Italien Angriff AS Rom Rudi Völler
64%
1994: USA Angriff Olympique Marseille Rudi Völler
64%
2002: Japan und Südkorea Tor Bayer 04 Leverkusen Hans Jörg Butt
63%
2010: Südafrika Tor FC Bayern München Hans Jörg Butt
63%
1966: England Tor FC Bayern München Sepp Maier
63%
1970: Mexiko Tor FC Bayern München Sepp Maier
63%
1974: Deutschland Tor FC Bayern München Sepp Maier
63%
1978: Argentinien Tor FC Bayern München Sepp Maier
63%
1978: Argentinien Angriff FC Bayern München Karl-Heinz Rummenigge
61%
1982: Spanien Angriff FC Bayern München Karl-Heinz Rummenigge
61%
1986: Mexiko Angriff Inter Mailand Karl-Heinz Rummenigge
61%
1954: Schweiz Sturm Rot-Weiss Essen Helmut Rahn
60%
1958: Schweden Sturm Rot-Weiss Essen Helmut Rahn
60%
1986: Mexiko Mittelfeld Borussia Mönchengladbach Uwe Rahn
60%
1958: Schweden Sturm Hamburger SV Uwe Seeler
60%
1962: Chile Sturm Hamburger SV Uwe Seeler
60%
1966: England Angriff Hamburger SV Uwe Seeler
60%
1970: Mexiko Angriff Hamburger SV Uwe Seeler
60%
2006: Deutschland Abwehr Hertha BSC Arne Friedrich
58%
2010: Südafrika Abwehr Hertha BSC Arne Friedrich
58%
1986: Mexiko Angriff FC Bayern München Dieter Hoeneß
58%
2002: Japan und Südkorea Mittelfeld SV Werder Bremen Torsten Frings
58%
2006: Deutschland Mittelfeld SV Werder Bremen Torsten Frings
58%
1974: Deutschland Mittelfeld FC Bayern München Uli Hoeneß
58%
2022: Katar Abwehr FC Southampton Armel Bella-Kotchap
57%
2018: Russland Abwehr Hertha BSC Marvin Plattenhardt
57%
2010: Südafrika Angriff Bayer 04 Leverkusen Stefan Kießling
57%
1986: Mexiko Abwehr 1. FC Kaiserslautern Andreas Brehme
56%
1990: Italien Abwehr Inter Mailand Andreas Brehme
56%
1994: USA Abwehr 1. FC Kaiserslautern Andreas Brehme
56%
2022: Katar Mittelfeld und Angriff Borussia Dortmund Karim Adeyemi
55%
2022: Katar Mittelfeld und Angriff Borussia Dortmund Youssoufa Moukoko
55%
2002: Japan und Südkorea Mittelfeld Bayer 04 Leverkusen Bernd Schneider
54%
2006: Deutschland Mittelfeld Bayer 04 Leverkusen Bernd Schneider
54%
1954: Schweiz Mittelfeld 1. FC Kaiserslautern Fritz Walter
54%
1958: Schweden Mittelfeld 1. FC Kaiserslautern Fritz Walter
54%
1998: Frankreich Angriff Udinese Calcio Oliver Bierhoff
54%
2002: Japan und Südkorea Angriff AS Monaco Oliver Bierhoff
54%
2002: Japan und Südkorea Angriff Bayer 04 Leverkusen Oliver Neuville
54%
2006: Deutschland Angriff Borussia Mönchengladbach Oliver Neuville
54%
1954: Schweiz Sturm 1. FC Kaiserslautern Otmar Walter
53%
2006: Deutschland Tor VfB Stuttgart Timo Hildebrand
53%
2010: Südafrika Angriff VfB Stuttgart Cacau
52%
2006: Deutschland Abwehr Borussia Mönchengladbach Marcell Jansen
51%
2010: Südafrika Abwehr Hamburger SV Marcell Jansen
51%
2006: Deutschland Mittelfeld Borussia Dortmund David Odonkor
50%
1974: Deutschland Mittelfeld Real Madrid Günter Netzer
49%
1994: USA Abwehr Borussia Dortmund Matthias Sammer
49%
1974: Deutschland Abwehr FC Bayern München Paul Breitner
47%
1982: Spanien Mittelfeld FC Bayern München Paul Breitner
47%
1994: USA Mittelfeld AC Florenz Stefan Effenberg
47%
1990: Italien Tor 1. FC Nürnberg Andreas Köpke
46%
1994: USA Tor 1. FC Nürnberg Andreas Köpke
46%
1998: Frankreich Tor Olympique Marseille Andreas Köpke
46%
2002: Japan und Südkorea Abwehr Borussia Dortmund Christoph Metzelder
46%
2006: Deutschland Abwehr Borussia Dortmund Christoph Metzelder
46%
1998: Frankreich Mittelfeld FC Bayern München Dietmar Hamann
46%
2002: Japan und Südkorea Mittelfeld FC Liverpool Dietmar Hamann
46%
1990: Italien Abwehr FC Bayern München Jürgen Kohler
46%
1994: USA Abwehr Juventus Turin Jürgen Kohler
46%
1998: Frankreich Abwehr Borussia Dortmund Jürgen Kohler
46%
2002: Japan und Südkorea Mittelfeld Borussia Dortmund Sebastian Kehl
46%
2006: Deutschland Mittelfeld Borussia Dortmund Sebastian Kehl
46%
2006: Deutschland Mittelfeld SV Werder Bremen Tim Borowski
45%
2002: Japan und Südkorea Angriff FC Bayern München Carsten Jancker
44%
2010: Südafrika Abwehr FC Bayern München Holger Badstuber
44%
1982: Spanien Tor 1. FC Köln Toni Schumacher
44%
1986: Mexiko Tor 1. FC Köln Toni Schumacher
44%
2002: Japan und Südkorea Abwehr SV Werder Bremen Frank Baumann
43%
2002: Japan und Südkorea Angriff FC Schalke 04 Gerald Asamoah
43%
2006: Deutschland Angriff FC Schalke 04 Gerald Asamoah
43%
1990: Italien Mittelfeld Borussia Dortmund Andreas Möller
42%
1994: USA Mittelfeld Juventus Turin Andreas Möller
42%
1998: Frankreich Mittelfeld Borussia Dortmund Andreas Möller
42%
1994: USA Mittelfeld SV Werder Bremen Mario Basler
42%
1994: USA Angriff Bayer 04 Leverkusen Ulf Kirsten
42%
1998: Frankreich Angriff Bayer 04 Leverkusen Ulf Kirsten
42%
2006: Deutschland Abwehr Bayer 04 Leverkusen Jens Nowotny
40%
1974: Deutschland Angriff Borussia Mönchengladbach Jupp Heynckes
40%
2010: Südafrika Mittelfeld Hamburger SV Piotr Trochowski
40%
2006: Deutschland Abwehr FC Chelsea Robert Huth
40%
1970: Mexiko Abwehr Borussia Mönchengladbach Berti Vogts
39%
1974: Deutschland Abwehr Borussia Mönchengladbach Berti Vogts
39%
1978: Argentinien Abwehr Borussia Mönchengladbach Berti Vogts
39%
1990: Italien Tor 1. FC Köln Bodo Illgner
39%
1994: USA Tor 1. FC Köln Bodo Illgner
39%
1998: Frankreich Mittelfeld AC Mailand Christian Ziege
39%
2002: Japan und Südkorea Abwehr Tottenham Hotspur Christian Ziege
39%
1978: Argentinien Angriff FC Schalke 04 Klaus Fischer
39%
1982: Spanien Angriff 1. FC Köln Klaus Fischer
39%
1990: Italien Mittelfeld 1. FC Köln Thomas Häßler
39%
1994: USA Mittelfeld AS Rom Thomas Häßler
39%
1998: Frankreich Mittelfeld Karlsruher SC Thomas Häßler
39%
1998: Frankreich Mittelfeld TSV 1860 München Jens Jeremies
38%
2002: Japan und Südkorea Mittelfeld FC Bayern München Jens Jeremies
38%
1986: Mexiko Abwehr FC Bayern München Klaus Augenthaler
38%
1990: Italien Abwehr FC Bayern München Klaus Augenthaler
38%
2002: Japan und Südkorea Mittelfeld Borussia Dortmund Lars Ricken
38%
2010: Südafrika Mittelfeld SV Werder Bremen Marko Marin
38%
1938: Frankreich Läufer Rapid Wien Franz Wagner
37%
2002: Japan und Südkorea Mittelfeld SV Werder Bremen Marco Bode
37%
1994: USA Mittelfeld 1. FC Kaiserslautern Martin Wagner
37%
2006: Deutschland Angriff VfL Wolfsburg Mike Hanke
37%
2006: Deutschland Mittelfeld VfB Stuttgart Thomas Hitzlsperger
37%
2002: Japan und Südkorea Abwehr Bayer 04 Leverkusen Carsten Ramelow
36%
2010: Südafrika Abwehr Hamburger SV Dennis Aogo
36%
1986: Mexiko Angriff 1. FC Köln Klaus Allofs
36%
1986: Mexiko Mittelfeld FC Schalke 04 Olaf Thon
36%
1990: Italien Mittelfeld FC Bayern München Olaf Thon
36%
1998: Frankreich Abwehr FC Schalke 04 Olaf Thon
36%
1994: USA Abwehr FC Bayern München Thomas Helmer
36%
1998: Frankreich Abwehr FC Bayern München Thomas Helmer
36%
2002: Japan und Südkorea Abwehr FC Bayern München Thomas Linke
36%
1998: Frankreich Abwehr Bayer 04 Leverkusen Christian Wörns
35%
1982: Spanien Mittelfeld 1. FC Köln Pierre Littbarski
35%
1986: Mexiko Mittelfeld 1. FC Köln Pierre Littbarski
35%
1990: Italien Mittelfeld 1. FC Köln Pierre Littbarski
35%
2018: Russland Mittelfeld und Angriff FC Bayern München Sebastian Rudy
35%
1982: Spanien Angriff Hamburger SV Horst Hrubesch
32%
2010: Südafrika Abwehr VfB Stuttgart Serdar Taşçı
32%
1934: Italien Verteidiger Duisburger TSV 1899 Willy Busch
32%
1966: England Mittelfeld 1. FC Köln Wolfgang Overath
32%
1970: Mexiko Mittelfeld 1. FC Köln Wolfgang Overath
32%
1974: Deutschland Mittelfeld 1. FC Köln Wolfgang Overath
32%
1990: Italien Abwehr VfB Stuttgart Guido Buchwald
31%
1994: USA Abwehr VfB Stuttgart Guido Buchwald
31%
1974: Deutschland Abwehr FC Bayern München Hans-Georg Schwarzenbeck
31%
1978: Argentinien Abwehr FC Bayern München Hans-Georg Schwarzenbeck
31%
1954: Schweiz Mittelfeld 1. FC Nürnberg Max Morlock
31%
1990: Italien Abwehr FC Bayern München Stefan Reuter
31%
1998: Frankreich Abwehr Borussia Dortmund Stefan Reuter
31%
1958: Schweden Mittelfeld Borussia Dortmund Aki Schmidt
30%
1934: Italien Läufer Fortuna Düsseldorf Jakob Bender
30%
1990: Italien Angriff SV Werder Bremen Karl-Heinz Riedle
30%
1994: USA Angriff Borussia Dortmund Karl-Heinz Riedle
30%
1994: USA Angriff 1. FC Kaiserslautern Stefan Kuntz
30%
1954: Schweiz Tor Fortuna Düsseldorf Toni Turek
30%
1982: Spanien Mittelfeld Hamburger SV Felix Magath
29%
1986: Mexiko Mittelfeld Hamburger SV Felix Magath
29%
1962: Chile Abwehr FC Schalke 04 Willi Schulz
29%
1966: England Abwehr Hamburger SV Willi Schulz
29%
1970: Mexiko Abwehr Hamburger SV Willi Schulz
29%
1962: Chile Mittelfeld Karlsruher SC Günter Herrmann
28%
1954: Schweiz Sturm 1. FC Köln Hans Schäfer
28%
1958: Schweden Sturm 1. FC Köln Hans Schäfer
28%
1962: Chile Sturm 1. FC Köln Hans Schäfer
28%
2002: Japan und Südkorea Abwehr Hertha BSC Marko Rehmer
28%
1998: Frankreich Abwehr FC Bayern München Markus Babbel
28%
1954: Schweiz Sturm FSV Frankfurt Richard Herrmann
28%
1974: Deutschland Angriff Eintracht Frankfurt Bernd Hölzenbein
27%
1978: Argentinien Mittelfeld Eintracht Frankfurt Bernd Hölzenbein
27%
1982: Spanien Tor Borussia Dortmund Eike Immel
27%
1986: Mexiko Tor Borussia Dortmund Eike Immel
27%
1998: Frankreich Angriff 1. FC Kaiserslautern Olaf Marschall
26%
1990: Italien Tor FC Bayern München Raimond Aumann
26%
1986: Mexiko Tor Hamburger SV Uli Stein
26%
1990: Italien Mittelfeld Eintracht Frankfurt Uwe Bein
26%
1954: Schweiz Mittelfeld 1. FC Kaiserslautern Horst Eckel
25%
1958: Schweden Abwehr 1. FC Kaiserslautern Horst Eckel
25%
1986: Mexiko Abwehr Eintracht Frankfurt Thomas Berthold
25%
1990: Italien Abwehr AS Rom Thomas Berthold
25%
1994: USA Abwehr VfB Stuttgart Thomas Berthold
25%
2002: Japan und Südkorea Mittelfeld FC Schalke 04 Jörg Böhme
24%
1978: Argentinien Abwehr Hamburger SV Manfred Kaltz
24%
1982: Spanien Abwehr Hamburger SV Manfred Kaltz
24%
1990: Italien Mittelfeld SV Werder Bremen Günter Hermann
23%
1998: Frankreich Mittelfeld Borussia Dortmund Jörg Heinrich
23%
1966: England Angriff Eintracht Frankfurt Jürgen Grabowski
23%
1970: Mexiko Angriff Eintracht Frankfurt Jürgen Grabowski
23%
1974: Deutschland Angriff Eintracht Frankfurt Jürgen Grabowski
23%
1974: Deutschland Mittelfeld Borussia Mönchengladbach Rainer Bonhof
23%
1978: Argentinien Abwehr Borussia Mönchengladbach Rainer Bonhof
23%
1998: Frankreich Mittelfeld Borussia Dortmund Steffen Freund
23%
1994: USA Mittelfeld VfB Stuttgart Thomas Strunz
23%
1990: Italien Angriff Borussia Dortmund Frank Mill
21%
1982: Spanien Abwehr 1. FC Kaiserslautern Hans-Peter Briegel
21%
1986: Mexiko Abwehr Hellas Verona Hans-Peter Briegel
21%
1962: Chile Mittelfeld BC Augsburg Helmut Haller
21%
1966: England Mittelfeld FC Bologna Helmut Haller
21%
1970: Mexiko Mittelfeld Juventus Turin Helmut Haller
21%
1982: Spanien Abwehr VfB Stuttgart Bernd Förster
20%
1982: Spanien Abwehr VfB Stuttgart Karlheinz Förster
20%
1986: Mexiko Abwehr VfB Stuttgart Karlheinz Förster
20%
1966: England Angriff Borussia Dortmund Lothar Emmerich
20%
1974: Deutschland Tor Borussia Mönchengladbach Wolfgang Kleff
20%
1954: Schweiz Abwehr FC Bayern München Hans Bauer
19%
1934: Italien Tor SSV Jahn Regensburg Hans Jakob
19%
1938: Frankreich Tor SSV Jahn Regensburg Hans Jakob
19%
1958: Schweden Abwehr SG Düren 99 Karl-Heinz Schnellinger
19%
1962: Chile Abwehr 1. FC Köln Karl-Heinz Schnellinger
19%
1966: England Abwehr AC Mailand Karl-Heinz Schnellinger
19%
1970: Mexiko Abwehr AC Mailand Karl-Heinz Schnellinger
19%
1998: Frankreich Mittelfeld FC Bayern München Michael Tarnat
19%
1970: Mexiko Angriff FC Schalke 04 Reinhard Libuda
19%
1982: Spanien Abwehr Real Madrid Uli Stielike
19%
1962: Chile Tor Westfalia Herne Hans Tilkowski
18%
1966: England Tor Borussia Dortmund Hans Tilkowski
18%
1966: England Abwehr SV Werder Bremen Horst-Dieter Höttges
18%
1970: Mexiko Abwehr SV Werder Bremen Horst-Dieter Höttges
18%
1974: Deutschland Abwehr SV Werder Bremen Horst-Dieter Höttges
18%
1974: Deutschland Tor FC Schalke 04 Norbert Nigbur
18%
1966: England Abwehr 1. FC Köln Wolfgang Weber
18%
1970: Mexiko Abwehr 1. FC Köln Wolfgang Weber
18%
1978: Argentinien Tor SV Werder Bremen Dieter Burdenski
17%
1974: Deutschland Mittelfeld 1. FC Köln Heinz Flohe
17%
1978: Argentinien Mittelfeld 1. FC Köln Heinz Flohe
17%
1954: Schweiz Abwehr Hamburger SV Jupp Posipal
17%
1978: Argentinien Abwehr MSV Duisburg Bernard Dietz
16%
1990: Italien Abwehr FC Bayern München Hans Pflügler
16%
1978: Argentinien Mittelfeld 1. FC Köln Herbert Zimmermann
16%
1986: Mexiko Mittelfeld VfB Stuttgart Karl Allgöwer
16%
1994: USA Mittelfeld Eintracht Frankfurt Maurizio Gaudino
16%
1990: Italien Abwehr 1. FC Köln Paul Steiner
16%
1966: England Angriff Borussia Dortmund Sigfried Held
16%
1970: Mexiko Angriff Borussia Dortmund Sigfried Held
16%
1974: Deutschland Mittelfeld Borussia Mönchengladbach Herbert Wimmer
15%
1970: Mexiko Angriff 1. FC Köln Johannes Löhr
15%
1978: Argentinien Angriff FC Schalke 04 Rüdiger Abramczik
15%
1954: Schweiz Abwehr 1. FC Kaiserslautern Werner Kohlmeyer
15%
1954: Schweiz Abwehr 1. FC Kaiserslautern Werner Liebrich
15%
1974: Deutschland Mittelfeld 1. FC Köln Bernd Cullmann
14%
1978: Argentinien Abwehr 1. FC Köln Bernd Cullmann
14%
1974: Deutschland Abwehr FC Schalke 04 Helmut Kremers
14%
1970: Mexiko Abwehr FC Schalke 04 Klaus Fichtel
14%
1978: Argentinien Tor Hamburger SV Rudi Kargus
14%
1954: Schweiz Sturm FC Schalke 04 Bernhard Klodt
13%
1958: Schweden Sturm FC Schalke 04 Bernhard Klodt
13%
1974: Deutschland Angriff Fortuna Düsseldorf Dieter Herzog
13%
1978: Argentinien Mittelfeld Hertha BSC Erich Beer
13%
1934: Italien Läufer FC Schalke 04 Fritz Szepan
13%
1938: Frankreich Sturm FC Schalke 04 Fritz Szepan
13%
1986: Mexiko Abwehr Bayer 05 Uerdingen Matthias Herget
13%
1986: Mexiko Mittelfeld Hamburger SV Wolfgang Rolff
13%
1982: Spanien Tor Eintracht Braunschweig Bernd Franke
12%
1986: Mexiko Abwehr Hamburger SV Ditmar Jakobs
12%
1938: Frankreich Läufer Austria Wien Hans Mock
12%
1986: Mexiko Abwehr FC Bayern München Norbert Eder
12%
1982: Spanien Angriff SV Werder Bremen Uwe Reinders
12%
1982: Spanien Mittelfeld FC Bayern München Wolfgang Dremmler
12%
1958: Schweden Mittelfeld Borussia Dortmund Wolfgang Peters
12%
1954: Schweiz Sturm Eintracht Frankfurt Alfred Pfaff
11%
1934: Italien Sturm FV Saarbrücken Edmund Conen
11%
1974: Deutschland Mittelfeld FC Bayern München Hans-Josef Kapellmann
11%
1954: Schweiz Tor Borussia Dortmund Heinrich Kwiatkowski
11%
1958: Schweden Tor Borussia Dortmund Heinrich Kwiatkowski
11%
1954: Schweiz Abwehr SpVgg Fürth Herbert Erhardt
11%
1958: Schweden Abwehr SpVgg Fürth Herbert Erhardt
11%
1962: Chile Abwehr SpVgg Fürth Herbert Erhardt
11%
1978: Argentinien Abwehr FC Schalke 04 Rolf Rüssmann
11%
1978: Argentinien Angriff MSV Duisburg Ronald Worm
11%
1982: Spanien Abwehr Borussia Mönchengladbach Wilfried Hannes
11%
1962: Chile Tor TSG Ulm 46 Wolfgang Fahrian
11%
1966: England Mittelfeld Brescia Calcio Albert Brülls
10%
1962: Chile Mittelfeld Borussia Mönchengladbach Alfred Brülls
10%
1978: Argentinien Mittelfeld Fortuna Düsseldorf Gerd Zewe
10%
1970: Mexiko Tor Eintracht Braunschweig Horst Wolter
10%
1966: England Mittelfeld SV Werder Bremen Max Lorenz
10%
1970: Mexiko Mittelfeld Eintracht Braunschweig Max Lorenz
10%
1962: Chile Sturm Kickers Offenbach Engelbert Kraus
9%
1958: Schweden Abwehr Fortuna Düsseldorf Erich Juskowiak
9%
1934: Italien Sturm TSV Schwaben Augsburg Ernst Lehner
9%
1938: Frankreich Sturm TSV Schwaben Augsburg Ernst Lehner
9%
1954: Schweiz Abwehr Hamburger SV Fritz Laband
9%
1966: England Tor SV Werder Bremen Günter Bernard
9%
1958: Schweden Mittelfeld Wuppertaler SV Horst Szymaniak
9%
1962: Chile Mittelfeld Catania Calcio Horst Szymaniak
9%
1934: Italien Läufer Fortuna Düsseldorf Paul Janes
9%
1938: Frankreich Verteidiger Fortuna Düsseldorf Paul Janes
9%
1966: England Abwehr Borussia Dortmund Wolfgang Paul
9%
1966: England Abwehr TSV 1860 München Bernd Patzke
8%
1970: Mexiko Abwehr Hertha BSC Bernd Patzke
8%
1966: England Abwehr Eintracht Frankfurt Friedel Lutz
8%
1958: Schweden Tor Rot-Weiss Essen Fritz Herkenrath
8%
1958: Schweden Tor VfB Stuttgart Günter Sawitzki
8%
1962: Chile Tor VfB Stuttgart Günter Sawitzki
8%
1958: Schweden Mittelfeld 1. FC Köln Hans Sturm
8%
1962: Chile Mittelfeld 1. FC Köln Hans Sturm
8%
1978: Argentinien Abwehr 1. FC Köln Harald Konopka
8%
1954: Schweiz Tor FK Pirmasens Heinz Kubsch
8%
1954: Schweiz Mittelfeld KSV Hessen Kassel Karl-Heinz Metzner
8%
1970: Mexiko Tor 1. FC Köln Manfred Manglitz
8%
1954: Schweiz Mittelfeld 1. FC Köln Paul Mebus
8%
1934: Italien Läufer Alemannia Aachen Reinhard Münzenberg
8%
1938: Frankreich Verteidiger Alemannia Aachen Reinhold Münzenberg
8%
1954: Schweiz Sturm BC Augsburg Ulrich Biesinger
8%
1934: Italien Tor Dresdner SC Willibald Kreß
8%
1958: Schweden Sturm Borussia Dortmund Alfred Kelbassa
7%
1958: Schweden Sturm SV Sodingen Hans Cieslarczyk
7%
1934: Italien Verteidiger SC Victoria Hamburg Hans Schwartz
7%
1962: Chile Sturm 1. FC Nürnberg Heinz Strehl
7%
1966: England Abwehr VfB Stuttgart Klaus-Dieter Sieloff
7%
1970: Mexiko Abwehr Borussia Mönchengladbach Klaus-Dieter Sieloff
7%
1934: Italien Läufer Union 02 Hamborn Paul Zielinski
7%
1970: Mexiko Mittelfeld Borussia Mönchengladbach Peter Dietrich
7%
1934: Italien Läufer Eintracht Frankfurt Rudolf Gramlich
7%
1962: Chile Sturm FC Schalke 04 Willi Koslowski
7%
1938: Frankreich Läufer 1. FC Schweinfurt 05 Andreas Kupfer
6%
1934: Italien Sturm Fortuna Düsseldorf Ernst Albrecht
6%
1938: Frankreich Tor Hertha BSC Fritz Buchloh
6%
1958: Schweden Abwehr 1. FC Köln Georg Stollenwerk
6%
1966: England Angriff 1. FC Köln Heinz Hornig
6%
1962: Chile Sturm 1. FC Saarbrücken Heinz Vollmar
6%
1938: Frankreich Sturm Austria Wien Josef Stroh
6%
1938: Frankreich Läufer FC Bayern München Ludwig Goldbrunner
6%
1934: Italien Sturm SV Waldhof Mannheim Otto Siffling
6%
1938: Frankreich Sturm SV Waldhof Mannheim Otto Siffling
6%
1934: Italien Sturm Hamburger SV Rudolf Noack
6%
1938: Frankreich Tor Rapid Wien Rudolf Raftl
6%
1934: Italien Sturm Fortuna Düsseldorf Stanislaus Kobierski
6%
1938: Frankreich Läufer 1. FC Schweinfurt 05 Albin Kitzinger
5%
1962: Chile Abwehr FC Schalke 04 Hans Nowak
5%
1958: Schweden Abwehr Rot-Weiss Essen Heinz Wewers
5%
1958: Schweden Abwehr Kickers Offenbach Hermann Nuber
5%
1938: Frankreich Verteidiger FC Bayern München Jakob Streitle
5%
1938: Frankreich Sturm Rapid Wien Johann Pesser
5%
1962: Chile Abwehr Hamburger SV Jürgen Kurbjuhn
5%
1934: Italien Sturm VfL Benrath Karl Hohmann
5%
1962: Chile Abwehr 1. FC Köln Leo Wilden
5%
1934: Italien Verteidiger FC Bayern München Sigmund Haringer
5%
1938: Frankreich Sturm Admira Wien Wilhelm Hahnemann
5%
1938: Frankreich Verteidiger First Vienna FC 1894 Willibald Schmaus
5%
1962: Chile Abwehr FC Bayern München Willi Giesemann
5%
1938: Frankreich Sturm TuS Neuendorf Josef Gauchel
4%
1938: Frankreich Sturm Austria Wien Leopold Neumer
4%
1934: Italien Sturm SV Werder Bremen Matthias Heidemann
4%
1938: Frankreich Sturm FC Schalke 04 Rudolf Gellesch
4%
1938: Frankreich Läufer Rapid Wien Stefan Skoumal
4%
Keine übereinstimmenden Quizze gefunden
Verteilung der Resultate
Anzahl Personen mit jedem Resultat
Perzentil nach korrekt beantworteten Fragen
Ihre Resultats-Entwicklung
Sie haben dieses Quiz noch nicht gespielt